| 000 | 00540cam a2200217 a 4500 | ||
|---|---|---|---|
| 999 |
_c3492 _d3492 |
||
| 008 | 960624s1996 caua 001 0 eng | ||
| 020 | _a0782118933 | ||
| 020 | _a0782116450 | ||
| 040 | _aDLC | ||
| 041 | 0 | _aeng | |
| 082 | 0 | 0 |
_a004.67 _bC126 |
| 100 | 1 | _aCady, Glee Harrah. | |
| 245 | 1 | 0 |
_aMastering the Internet / _cGlee Harrah Cady, Pat McGregor. |
| 250 | _a2nd ed. | ||
| 260 |
_aDelhi : _bBPB Pub, _c1996. |
||
| 300 | _axli, 1107 p. | ||
| 500 | _aInclude Disk. | ||
| 650 | 0 | _aInternet. | |
| 700 | 1 | _aMcGregor, Pat. | |
| 942 | _cBK | ||